Georgia: environmental performance reviews (Record no. 44525)

MARC details
000 -LEADER
fixed length control field 00886nam a2200205 a 4500
008 - FIXED-LENGTH DATA ELEMENTS--GENERAL INFORMATION
fixed length control field 170419s2016 ||||||||||||||||| || u
020 ## - INTERNATIONAL STANDARD BOOK NUMBER
International Standard Book Number 978-92-1-117101-3
050 ## - LIBRARY OF CONGRESS CALL NUMBER
Classification number UNECE(08)EPR/43
110 ## - MAIN ENTRY--CORPORATE NAME
Corporate name or jurisdiction name as entry element United Nations Economic Commission for Europe (UNECE)
245 10 - TITLE STATEMENT
Title Georgia: environmental performance reviews
Statement of responsibility, etc. United Nations Economic Commission for Europe (UNECE)
250 ## - EDITION STATEMENT
Edition statement 3rd rev.
260 ## - PUBLICATION, DISTRIBUTION, ETC.
Place of publication, distribution, etc. New York
Name of publisher, distributor, etc. UNITED NATIONS
Date of publication, distribution, etc. 2016
300 ## - PHYSICAL DESCRIPTION
Extent xxxv, 293p.: ill.
490 ## - SERIES STATEMENT
Series statement Environmental performance reviews series No. 43
500 ## - GENERAL NOTE
General note Bibliography
650 ## - SUBJECT ADDED ENTRY--TOPICAL TERM
Topical term or geographic name entry element ENVIRONMENTAL POLICY--GEORGIA
650 ## - SUBJECT ADDED ENTRY--TOPICAL TERM
Topical term or geographic name entry element GEORGIA--ENVIRONMENTAL ASPECTS
650 #0 - SUBJECT ADDED ENTRY--TOPICAL TERM
Topical term or geographic name entry element ENVIRONMENTAL PROTECTION
995 ## - RECOMMENDATION 995 [LOCAL, UNIMARC FRANCE]
-- CBU-MAIN LIBRARY (Kitwe)
-- 1
-- AVAILABLE
-- Apr 19, 2017
-- United Nations Economic Commission for Europe
-- International Publications
Holdings
Withdrawn status Lost status Source of classification or shelving scheme Damaged status Not for loan Home library Current library Shelving location Date acquired Total Checkouts Full call number Barcode Date last seen Price effective from Koha item type
          CBU-MAIN LIBRARY, KITWE. CBU-MAIN LIBRARY, KITWE.   11/30/2022   UNECE(08)EPR/43 B3316 11/30/2022 11/30/2022 MONOGRAPH